[Event "71st RUS-ch Higher League 2018"]
[Site "Yaroslavl"]
[Date "2018.06.27"]
[Round "2"]
[White "Gordievsky, Dmitry"]
[Black "Goganov, Aleksey"]
[Result "1/2-1/2"]
[WhiteElo "2641"]
[BlackElo "2576"]
[Annotator "TA"]
[PlyCount "100"]
[EventDate "2018.06.26"]
[EventType "swiss"]
[EventCountry "RUS"]
[SourceTitle "playchess.com"]
[Source "ChessBase"]
[SourceQuality "1"]

{[%evp 9,100,12,53,46,42,45,69,68,85,73,91,83,116,85,95,108,107,62,71,77,84,54,52,40,33,0,0,-25,0,-78,-31,-39,-23,-44,-57,-147,-145,-164,-152,-166,-154,-225,-216,-213,-195,-200,-195,-190,-195,-208,-193,-199,-209,-202,-150,-190,-195,-189,-177,-223,-159,-162,-170,-159,-159,-163,-131,-111,-88,-86,-64,-121,-67,-86,-85,-72,-41,-35,-34,-106,-22,-39,-30,-39,-43,-42,0,-109,0,-37,0,-27,0]} 1. c4 e6 2. Nc3 Bb4 3. e4 c5 4. g3 Nc6 (4... Ne7 5. Bg2 Nbc6 6. Nge2 O-O 7. O-O Nd4 8. a3 Bxc3 9. dxc3 Nxe2+ 10. Qxe2 d6 11. e5 Ng6 12. exd6 Qxd6 {1-0 (23) Movsesian,S (2658)-Swayams,M (2444) Douglas 2015}) 5. Bg2 h5 $146 ({Predecessor:} 5... Nge7 6. Nge2 O-O 7. O-O e5 8. f4 exf4 9. Nxf4 Bxc3 10. dxc3 d6 11. Be3 {½-½ (39) Saric,A (2489)-Djurovic,G (2371) Neum 2011}) 6. Nf3 {A13: English Opening: 1...e6} d6 7. O-O Bxc3 8. dxc3 {White is slightly better.} e5 9. Qd3 Bg4 10. Nh4 g6 11. Be3 Qe7 12. Rab1 Be6 13. Nf3 f6 14. Nh4 Bf7 15. f4 exf4 16. gxf4 O-O-O 17. b4 Nh6 18. Bf2 Rhg8 19. Rfe1 (19. Bg3 $11 {keeps the balance.}) 19... Qe6 (19... g5 $5 {[%cal Rg5h4]} 20. Qh3+ Qe6 21. fxg5 Rxg5 $11) 20. Qf3 g5 21. b5 {Hoping for Nf5.} Na5 22. f5 ({Better is} 22. fxg5 $15 Rxg5 23. e5 dxe5 24. Kh1) 22... Qe8 23. Ng6 Bxg6 24. fxg6 Qxg6 25. Rbd1 (25. b6 $17 a6 26. Qd3) 25... Nf7 26. Qf5+ Qxf5 27. exf5 Ne5 $1 28. Bd5 Rge8 ({Don't play} 28... Naxc4 29. Bxg8 Rxg8 30. Kg2 $17) 29. Bg3 Naxc4 30. Bxe5 Nxe5 31. a4 b6 32. a5 bxa5 33. Re2 Kb8 34. Ra2 Re7 35. Rxa5 Nd7 $1 36. c4 Nb6 37. Be6 h4 38. Ra6 Rg7 39. h3 g4 40. Kh2 (40. Kg2 $15) 40... gxh3 ({Black should try} 40... g3+ $17 41. Kg2 Re7) 41. Kxh3 $15 Rg3+ 42. Kh2 Rg4 43. Rda1 Rg7 44. Kh3 {[#]} (44. Re1 $15) 44... Rh8 (44... d5 $1 $17 {[%cal Rd5c4]} 45. cxd5 Nxd5 46. Bxd5 Rg3+ 47. Kh2 (47. Kxh4 $2 Rg7 $19) 47... Rxd5 48. Rxf6 Rd2+ 49. Kh1 Rh3+ 50. Kg1 Rg3+ 51. Kh1 Rb3) 45. Rd1 Rg3+ 46. Kh2 Rd8 47. Rda1 Rg7 (47... d5 $15 48. cxd5 Rg7) 48. Kh3 $17 {[#]} Rh8 (48... d5 $1 $17 {[%cal Rd5c4]} 49. cxd5 Nxd5 50. Bxd5 Rg3+ 51. Kh2 (51. Kxh4 $2 Rg7 $19) 51... Rxd5 52. Rxf6 Rd2+ 53. Kh1 Rb3) 49. Rd1 $15 Rg3+ (49... d5 $5 50. cxd5 Rg3+ 51. Kh2 Rd8 $17) 50. Kh2 Rd8 {Precision: White = 48%, Black = 55%.} 1/2-1/2

[Event "71st RUS-ch Higher League 2018"]
[Site "Yaroslavl"]
[Date "2018.06.27"]
[Round "2"]
[White "Zvjaginsev, Vadim"]
[Black "Ovetchkin, Roman"]
[Result "1-0"]
[WhiteElo "2633"]
[BlackElo "2546"]
[Annotator "TA"]
[PlyCount "209"]
[EventDate "2018.06.26"]
[EventType "swiss"]
[EventCountry "RUS"]
[SourceTitle "playchess.com"]
[Source "ChessBase"]
[SourceQuality "1"]

{[%evp 9,209,3,4,7,44,37,32,31,28,-43,-47,-44,-43,-42,-42,-39,-22,-50,-58,-60,-54,-53,-51,-60,-48,-60,-52,-65,-55,-55,-42,-59,-60,-54,-29,-61,-56,-52,-39,-96,-108,-112,-100,-102,-102,-130,-120,-118,-139,-137,-117,-177,-112,-99,-61,-61,-61,-104,-66,-122,-77,-68,-25,-28,-20,-47,-39,-50,-32,-64,-55,-40,-12,-12,-10,-11,0,0,0,0,0,0,0,0,0,0,0,0,0,0,0,0,0,0,0,0,0,0,0,0,207,170,483,421,7713,12827,12831,12831,12832,12832,12831,12831,12841,12841,12841,12842,12843,12843,12845,12844,12848,12843,12850,12850,12850,12850,12850,29942,29941,29939,29939,29940,29938,29942,29937,29938,29952,29950,29949,29954,29954,29951,29960,29962,29966,29969,29967,29957,29973,29975,29979,29979,29979,29980,29981,29976,29976,29977,29985,29981,29981,29982,29982,29983,29983,29981,29981,29980,29980,29962,29981,29982,29981,12851,29974,12851,29981,29982,29982,29983,29984,29978,29985,29986,29986,29987,29987,29984,29984,29985,29985,29985,29986,29987,29987,29987,29987,29988,29993,29994,29994,29995]} 1. e4 c6 2. Nc3 d5 3. Nf3 Nf6 4. e5 Ne4 5. a4 $146 ({Predecessor:} 5. Be2 Nxc3 6. dxc3 Bg4 7. Ng5 Bxe2 8. Qxe2 e6 9. h4 Nd7 10. Bf4 h6 11. Nf3 Qa5 12. h5 Qb5 13. Qxb5 cxb5 {1-0 (28) Vachier Lagrave,M (2793)-Ghosh,D (2556) chess.com INT 2018}) 5... Bg4 6. h3 {B11: Caro-Kann: Two Knights Variation} Bxf3 (6... Nxc3 {seems wilder.} 7. bxc3 Bh5 8. e6 fxe6 9. Rb1 Qc7) 7. Qxf3 Ng5 8. Qd1 {White is slightly better.} d4 9. h4 (9. f4 $11) 9... Ne6 $15 10. Ne4 Qd5 11. d3 Qxe5 {Hoping for ...f5.} 12. Be2 f5 13. Ng5 Nxg5 14. Bxg5 e6 15. O-O Be7 16. Re1 {Bh5+ is the strong threat.} Qd6 17. Bxe7 Kxe7 18. c3 Nd7 19. a5 b5 20. axb6 axb6 21. Rc1 Rhc8 22. Bf1 Ra5 $36 {[%mdl 2048] Black has good play.} 23. g3 Re5 24. Qa4 (24. Be2 $15) 24... Rxe1 $17 25. Rxe1 Ne5 26. Be2 c5 27. Rc1 Rd8 28. Qa7+ Rd7 29. Qa8 Kf6 30. Ra1 {[#]} (30. h5 $17) 30... Rd8 (30... c4 $1 $19 {[%mdl 512]} 31. dxc4 d3) 31. Qb7 Qb8 (31... c4 {is more complex.} 32. dxc4 d3 33. Bh5 d2 34. Rd1 Rd7) 32. Qxb8 Rxb8 33. cxd4 cxd4 $15 {[%mdl 4096] Endgame KRB-KRN} 34. Ra4 ({Better is} 34. Rc1 $15) 34... Rd8 35. f4 Nf7 36. Bf3 e5 37. Ra6 Rd6 38. Kf2 exf4 39. gxf4 Nd8 40. b4 Ne6 41. Kg3 Nc7 42. Ra7 $1 {[%cal Ra7c7]} Nd5 (42... Nb5 {looks sharper.} 43. Ra8 Nc3 44. h5 h6 45. Kf2 b5) 43. Bxd5 $1 Rxd5 $11 {KR-KR} 44. Rc7 Rd6 45. h5 Re6 46. Kf2 h6 47. Rd7 g5 48. hxg6 Kxg6 49. Rxd4 Kh5 50. Kf3 Re1 51. Rd6 b5 52. Rf6 Rf1+ 53. Ke3 Re1+ 54. Kd2 Rf1 $2 (54... Rh1 $11 {and Black is okay.}) 55. Rxf5+ $18 Kg4 $2 (55... Kg6 56. Rxb5 Rxf4) 56. Rxb5 Rxf4 (56... Rf2+ $142 57. Ke3 Rf3+ 58. Ke2 Rh3) 57. Rb8 $1 h5 58. b5 $1 h4 59. b6 Rf7 60. Ke3 $1 Kg3 {[#]} 61. Rg8+ $1 Kh2 62. Kd4 Rd7+ 63. Kc4 h3 64. d4 {[%cal Bd3d4,Bd4d5][%mdl 32]} Kh1 65. d5 h2 66. Rh8 Kg2 67. Kc5 Rd8 {[#]} 68. Rxh2+ $3 {[%mdl 512]} Kxh2 {KR-KPP} 69. b7 Kg3 70. Kc6 Kf4 71. d6 Ke5 72. Kc7 Rxd6 73. b8=Q {KQ-KR} Rd3 74. Kc6+ Ke4 75. Qb4+ Ke3 76. Kc5 Kf3 77. Kc4 Re3 78. Qb7+ Kg3 79. Kd4 Ra3 80. Qb8+ Kh3 81. Qe8 Rg3 82. Qc8+ Kg2 83. Ke4 Rg7 84. Qc2+ Kh3 85. Qc3+ Rg3 86. Qc8+ Kg2 87. Qc6 Rf3 88. Qb7 Kf2 89. Qa8 Kg2 90. Qd5 Kf2 91. Qh5 Rc3 92. Qf5+ Kg2 93. Qg5+ {White mates.} Rg3 94. Qd2+ Kh3 95. Qe1 Kg2 96. Qe2+ Kg1 97. Kf4 Rg8 98. Qa2 Rg2 99. Qa7+ Kh2 100. Qc7 Kg1 101. Qc5+ Kh2 102. Qe5 Rg3 103. Qh5+ Kg2 104. Qe2+ Kh3 {[#]} 105. Qe1 $1 {Precision: White = 68%, Black = 58%.} 1-0

[Event "71st RUS-ch Higher League 2018"]
[Site "Yaroslavl"]
[Date "2018.06.27"]
[Round "2"]
[White "Romanov, Evgeny"]
[Black "Lobanov, Sergei"]
[Result "1/2-1/2"]
[WhiteElo "2628"]
[BlackElo "2521"]
[Annotator "ChessBase"]
[PlyCount "72"]
[EventDate "2018.06.26"]
[EventType "swiss"]
[EventCountry "RUS"]
[SourceTitle "playchess.com"]
[Source "ChessBase"]
[SourceQuality "1"]
[TimeControl "40/5400+30:1800+30"]

1. d4 {[%emt 0:03:52]} d5 {[%emt 0:00:09]} 2. c4 {[%emt 0:00:07]} c6 {[%emt 0:00:04]} 3. Nf3 {[%emt 0:00:06]} Nf6 {[%emt 0:00:05]} 4. Qc2 {[%emt 0:00:09]} e6 {[%emt 0:07:48]} 5. Nbd2 {[%emt 0:00:19]} Nbd7 {[%emt 0:00:05]} 6. g3 {[%emt 0:00:42]} Be7 {[%emt 0:02:26]} 7. Bg2 {[%emt 0:00:07]} O-O {[%emt 0:00:05]} 8. O-O {[%emt 0:00:05]} b6 {[%emt 0:01:24]} 9. e4 {[%emt 0:00:25]} Bb7 {[%emt 0:02:09]} 10. e5 {[%emt 0:02:16]} Ne8 {[%emt 0:00:10]} 11. Re1 {[%emt 0:00:53]} Nc7 {[%emt 0:02:45]} 12. b3 {[%emt 0:01:17]} c5 {[%emt 0:02:43]} 13. Bb2 {[%emt 0:01:15]} a5 {[%emt 0:04:43]} 14. Rad1 {[%emt 0:17:02]} a4 {[%emt 0:01:01]} 15. Qb1 {[%emt 0:01:34]} Ra7 {[%emt 0:06:09]} 16. h4 {[%emt 0:16:14]} h6 {[%emt 0:05:00]} 17. Re3 {[%emt 0:01:05]} Qa8 {[%emt 0:07:43]} 18. g4 {[%emt 0:02:04]} b5 19. g5 h5 {[%emt 0:11:22]} 20. cxb5 {[%emt 0:05:41]} axb3 {[%emt 0:05:08]} 21. axb3 {[%emt 0:01:45]} Nxb5 22. g6 Qe8 {[%emt 0:06:45]} 23. Bf1 {[%emt 0:01:21]} Na3 {[%emt 0:02:02]} 24. Bxa3 {[%emt 0:18:48]} Rxa3 {[%emt 0:00:05]} 25. Bb5 {[%emt 0:00:32]} fxg6 {[%emt 0:03:47]} 26. Bxd7 {[%emt 0:04:38]} Qxd7 {[%emt 0:08:52]} 27. Qxg6 {[%emt 0:01:36]} Rf5 {[%emt 0:05:28]} 28. Nf1 {[%emt 0:00:40]} cxd4 {[%emt 0:00:05]} 29. Nxd4 {[%emt 0:15:40]} Rf4 30. Qxe6+ {[%emt 0:00:03]} Qxe6 {[%emt 0:00:36]} 31. Nxe6 Rxh4 {[%emt 0:02:12]} 32. Rg3 {[%emt 0:01:01]} g6 {[%emt 0:06:07]} 33. Nd4 {[%emt 0:01:51]} Bc5 {[%emt 0:04:00]} 34. Ne6 {[%emt 0:01:39]} Be7 {[%emt 0:01:11]} 35. Nd4 {[%emt 0:00:02]} Bc5 {[%emt 0:00:32]} 36. Ne6 {[%emt 0:01:12]} Be7 1/2-1/2

[Event "71st RUS-ch Higher League 2018"]
[Site "Yaroslavl"]
[Date "2018.06.27"]
[Round "2"]
[White "Alekseev, Evgeny"]
[Black "Bykov, Oleg"]
[Result "1-0"]
[WhiteElo "2627"]
[BlackElo "2375"]
[Annotator "TA"]
[PlyCount "69"]
[EventDate "2018.06.26"]
[EventType "swiss"]
[EventCountry "RUS"]
[SourceTitle "playchess.com"]
[Source "ChessBase"]
[SourceQuality "1"]

{[%evp 24,69,0,6,42,43,26,13,37,34,45,25,50,50,38,50,41,45,64,37,34,25,25,29,130,91,95,95,87,108,111,96,121,74,156,35,34,32,509,475,768,764,29985,29986,29988,29989,29996,29997]} 1. c4 Nf6 2. Nc3 g6 3. g3 Bg7 4. Bg2 O-O 5. e4 c5 6. Nge2 Nc6 7. d3 d6 8. O-O a6 9. h3 Rb8 10. a4 Ne8 11. Be3 Nd4 12. Rb1 Nc7 {A36: Symmetrical English vs ...g6: 4 Bg2 Bg7} (12... Nxe2+ 13. Qxe2 Nc7 14. Qd2 b5 15. b4 bxc4 16. bxc5 Rb3 17. Rxb3 cxb3 18. c6 Be6 19. Nd5 Bxd5 20. exd5 {½-½ (35) Flores,D (2614)-Escalante Ramirez,B (2422) Montevideo 2018}) 13. b4 {LiveBook: 32 Games} b6 14. bxc5 dxc5 {White is slightly better.} 15. f4 $146 ({Predecessor:} 15. Nd5 Nxd5 16. exd5 e5 17. f4 Bd7 18. fxe5 Bxa4 19. Qd2 Nxe2+ 20. Qxe2 Bxe5 21. Bxc5 {0-1 (56) Zoltek,T (2335)-Petkevich,J (2445) Lodz 1979}) 15... Nxe2+ 16. Nxe2 Ne6 17. e5 f6 18. exf6 Bxf6 19. f5 gxf5 20. Rxf5 Bb7 21. Bd5 Bxd5 22. Rxd5 Qc8 23. Kh2 Rd8 (23... Qc6 $11 {remains equal.}) 24. Nf4 Nxf4 {[#]} 25. Rxd8+ $1 Qxd8 26. Bxf4 Rb7 27. a5 b5 28. cxb5 Qxa5 ({Better is} 28... axb5 29. a6 Rb6) 29. Qb3+ (29. Qg4+ $16 Kh8 30. Qc8+ Kg7 31. Qxb7 Qa2+ 32. Bd2 Qxd2+ 33. Kh1) 29... Kg7 $14 {[%cal Ra5b5]} 30. b6 e5 $2 {[%mdl 8192]} (30... Rxb6 $1 $14 31. Qxb6 Qa2+ 32. Kh1 (32. Kg1 Bd4+ 33. Be3 Bxe3+ 34. Kh1 Qd5+ 35. Kh2 Qxd3 $14) 32... Qd5+ 33. Kh2 Qa2+ 34. Kh1 (34. Kg1 Bd4+ 35. Be3 Bxe3+ 36. Kh1 Qd5+ 37. Kh2 Qxd3 $11) 34... Qd5+ 35. Kh2 Qa2+) 31. Be3 $18 h6 (31... e4 $142 32. dxe4 Qc3 33. Qxc3 Bxc3 34. Bxc5 Kf6) 32. h4 {[%cal Bh3h4,Bh4h5][%mdl 32]} Bd8 33. Qd5 {White mates.} Rxb6 34. Qd7+ Kg6 {[#]} 35. h5+ $1 {[%mdl 512] Precision: White = 75%, Black = 20%.} 1-0

[Event "71st RUS-ch Higher League 2018"]
[Site "Yaroslavl"]
[Date "2018.06.27"]
[Round "2"]
[White "Ponkratov, Pavel"]
[Black "Volkov, Sergey"]
[Result "0-1"]
[WhiteElo "2622"]
[BlackElo "2580"]
[Annotator "TA"]
[PlyCount "92"]
[EventDate "2018.06.26"]
[EventType "swiss"]
[EventCountry "RUS"]
[SourceTitle "playchess.com"]
[Source "ChessBase"]
[SourceQuality "1"]

{[%evp 23,92,48,66,-102,-102,-100,-62,-95,0,0,0,0,-7,-55,-51,-70,-62,-75,-78,-81,-70,-78,-60,-57,-58,-69,-72,-83,-33,-135,-129,-159,-177,-190,-119,-122,-123,-132,-127,-135,-88,-271,-254,-472,-214,-553,-531,-657,-651,-643,-618,-5673,-5669,-5365,-5318,-5318,-5310,-2919,-2647,-2263,-2027,-1518,-514,-706,-484,-1173,-1163,-29995,-29996,-29997,-29998]} 1. e4 e6 2. d4 d5 3. Nc3 Nf6 4. e5 Nfd7 5. f4 c5 6. Nf3 Nc6 {[%cal Bb8c6,Bc6b4,Bb4a2][%mdl 32]} 7. Be3 Be7 8. Qd2 O-O 9. dxc5 Qa5 {C11: French: Classical System: 4 e5 and 4 Bg5 dxe4} 10. O-O-O b6 11. Bb5 Nb4 12. a3 bxc5 {LiveBook: 8 Games} 13. f5 $146 (13. axb4 cxb4 14. Na4 Qxb5 $17) (13. Kb1 $14 {stays ahead.}) ({Predecessor:} 13. Bxd7 Bxd7 14. axb4 cxb4 15. Nb1 Rfc8 16. Rdf1 Qa2 17. f5 exf5 {0-1 (25) Saric,I (2609)-Martinovic,S (2551) Valpovo 2017}) 13... Na2+ $1 $17 14. Nxa2 Qxb5 15. Nc3 Qb6 (15... Qb7 $17 {Strongly threatening ...d4.} 16. f6 gxf6) 16. Bg5 $1 $11 {[%cal Rg5e7]} Rb8 {[%csl Gb8][%cal Rb6b2]} 17. Na4 Qd8 $1 $40 {[%mdl 128] Black is up to no good.} 18. h4 Bb7 19. Qf4 exf5 $1 {Threatens to win with ...Bc6.} 20. Qxf5 Bc6 21. Nc3 (21. Bxe7 $2 Qxe7 22. Nc3 d4 $19) 21... d4 22. Ne4 $1 ({Wrong is} 22. Bxe7 $2 Qxe7 23. Ne4 f6 $19) 22... Bxe4 (22... g6 $5 {[%cal Rg6f5]} 23. Qf4 f6 24. exf6 Nxf6 25. Nxf6+ Bxf6 26. Bxf6 Rxf6 $17) 23. Qxe4 Rb6 24. Rde1 h6 25. Qf5 Re8 {[%cal Bf8e8,Be8e7,Be7b7][%mdl 32]} ({And not} 25... hxg5 26. hxg5 Rg6 27. e6 $16) 26. Ref1 (26. Bd2 $15) 26... Nf8 $17 ({Weaker is} 26... hxg5 27. hxg5 Nf8 28. Nd2 $16) 27. Bxe7 Rxe7 28. e6 Rbxe6 (28... Nxe6 $19 {Hoping for ...c4.} 29. Ne5 Nf8) 29. Qxc5 Rd6 30. Kb1 Ne6 31. Qf5 Rd5 32. Qg4 $2 (32. Qd3 $17) 32... Rb7 $19 33. Ne1 $2 (33. Nd2 {is a better defense.} d3 34. c3) 33... Qb6 (33... Rdb5 $142 34. b4 a5) 34. b4 $2 (34. Nd3 Rb5 35. b4) 34... a5 35. Nd3 axb4 36. axb4 Qa6 {( -> ...Ra7)} 37. Qe4 {[#]} Ra7 $1 {[%csl Ga7][%cal Ra6a1][%mdl 512]} 38. Kc1 Qa1+ 39. Kd2 Qc3+ 40. Ke2 Qxc2+ 41. Kf3 {[#]} Ra3 $1 {[%mdl 512]} 42. Rd1 {[#]} Rb5 (42... Rg5 $142 $1 {[%csl Gg5][%cal Rc2g2][%mdl 512]} 43. g3 (43. hxg5 Nxg5+) 43... Qc7) 43. Rhe1 Rxb4 44. Kg4 {[#]} (44. Qe2 $142 Qc7 45. Kf2) 44... h5+ $1 45. Kf5 (45. Kxh5 Rb5+) 45... Rb5+ 46. Ne5 Qf2+ {Precision: White = 24%, Black = 74%.} 0-1

[Event "71st RUS-ch Higher League 2018"]
[Site "Yaroslavl"]
[Date "2018.06.27"]
[Round "2"]
[White "Antipov, Mikhail Al"]
[Black "Sviridov, Valery"]
[Result "0-1"]
[WhiteElo "2616"]
[BlackElo "2513"]
[Annotator "ChessBase"]
[PlyCount "86"]
[EventDate "2018.06.26"]
[EventType "swiss"]
[EventCountry "RUS"]
[SourceTitle "playchess.com"]
[Source "ChessBase"]
[SourceQuality "1"]
[TimeControl "40/5400+30:1800+30"]

1. d4 {[%emt 0:00:00]} Nf6 {[%emt 0:00:28]} 2. c4 {[%emt 0:00:00]} g6 {[%emt 0:00:30]} 3. Nf3 {[%emt 0:00:00]} Bg7 {[%emt 0:00:12]} 4. Nc3 {[%emt 0:00:00]} d5 {[%emt 0:00:20]} 5. cxd5 {[%emt 0:00:00]} Nxd5 {[%emt 0:00:04]} 6. Na4 {[%emt 0:00:00]} O-O {[%emt 0:02:42]} 7. e4 {[%emt 0:00:03]} Nb6 {[%emt 0:00:05]} 8. Be3 {[%emt 0:00:09]} Nc6 {[%emt 0:09:42]} 9. h3 {[%emt 0:11:05]} f5 {[%emt 0:12:07]} 10. Nxb6 {[%emt 0:31:23]} axb6 {[%emt 0:00:19]} 11. Bc4+ {[%emt 0:00:05]} Kh8 {[%emt 0:01:53]} 12. h4 {[%emt 0:01:39]} f4 {[%emt 0:11:18]} 13. Bd2 {[%emt 0:00:30]} Nxd4 {[%emt 0:02:36]} 14. h5 {[%emt 0:00:46]} Nxf3+ {[%emt 0:01:13]} 15. Qxf3 {[%emt 0:01:12]} g5 {[%emt 0:00:49]} 16. O-O-O {[%emt 0:04:30]} Bg4 {[%emt 0:02:47]} 17. h6 {[%emt 0:06:42]} Bf6 {[%emt 0:00:58]} 18. Qb3 {[%emt 0:18:33]} Bxd1 {[%emt 0:00:19]} 19. Rxd1 {[%emt 0:00:05]} Bd4 {[%emt 0:05:07]} 20. g3 {[%emt 0:06:00]} e5 {[%emt 0:02:53]} 21. gxf4 {[%emt 0:00:06]} gxf4 {[%emt 0:00:19]} 22. Rg1 {[%emt 0:01:41]} Bxf2 {[%emt 0:06:09]} 23. Rg7 {[%emt 0:00:42]} Qd6 {[%emt 0:01:59]} 24. Bc3 {[%emt 0:05:49]} Bd4 {[%emt 0:01:12]} 25. Bxd4 {[%emt 0:00:23]} exd4 {[%emt 0:02:22]} 26. Qh3 {[%emt 0:00:19]} Qc6 {[%emt 0:03:22]} 27. Kd2 {[%emt 0:02:42]} Qxc4 {[%emt 0:10:27]} 28. Qd7 {[%emt 0:00:05]} Qb4+ {[%emt 0:00:07]} 29. Kd3 {[%emt 0:00:03]} Ra3+ {[%emt 0:00:11]} 30. bxa3 {[%emt 0:00:01]} Qc3+ {[%emt 0:00:09]} 31. Ke2 {[%emt 0:00:03]} f3+ {[%emt 0:03:59]} 32. Kd1 {[%emt 0:00:05]} Qd3+ {[%emt 0:01:03]} 33. Kc1 {[%emt 0:00:04]} Qe3+ {[%emt 0:00:34]} 34. Kd1 {[%emt 0:05:09]} Qxe4 {[%emt 0:01:31]} 35. Rg4 {[%emt 0:05:47]} Qb1+ {[%emt 0:00:40]} 36. Kd2 {[%emt 0:00:05]} Qxa2+ {[%emt 0:00:19]} 37. Kd1 {[%emt 0:00:59]} Qb3+ {[%emt 0:00:30]} 38. Kd2 {[%emt 0:00:07]} Qc3+ {[%emt 0:00:10]} 39. Kd1 {[%emt 0:00:04]} Qd3+ {[%emt 0:00:37]} 40. Kc1 {[%emt 0:00:00]} Qxa3+ {[%emt 0:00:21]} 41. Kb1 {[%emt 0:00:30]} Qb3+ {[%emt 0:00:14]} 42. Kc1 {[%emt 0:00:05]} Qe3+ {[%emt 0:00:17]} 43. Kb1 {[%emt 0:00:04]} Qxh6 {[%emt 0:00:14]} 0-1

[Event "71st RUS-ch Higher League 2018"]
[Site "Yaroslavl"]
[Date "2018.06.27"]
[Round "2"]
[White "Kobalia, Mikhail"]
[Black "Sjugirov, Sanan"]
[Result "1/2-1/2"]
[WhiteElo "2608"]
[BlackElo "2663"]
[Annotator "ChessBase"]
[PlyCount "80"]
[EventDate "2018.06.26"]
[EventType "swiss"]
[EventCountry "RUS"]
[SourceTitle "playchess.com"]
[Source "ChessBase"]
[SourceQuality "1"]
[TimeControl "40/5400+30:1800+30"]

1. e4 {[%emt 0:00:27]} c5 {[%emt 0:02:32]} 2. Nf3 {[%emt 0:00:09]} d6 {[%emt 0:00:11]} 3. d4 {[%emt 0:00:06]} cxd4 {[%emt 0:00:07]} 4. Nxd4 {[%emt 0:00:04]} Nf6 {[%emt 0:00:16]} 5. Nc3 {[%emt 0:00:04]} a6 {[%emt 0:00:15]} 6. Be3 {[%emt 0:00:12]} Ng4 {[%emt 0:00:11]} 7. Bc1 {[%emt 0:00:24]} Nf6 {[%emt 0:00:06]} 8. f3 {[%emt 0:00:09]} e5 {[%emt 0:00:17]} 9. Nb3 {[%emt 0:00:03]} Be6 {[%emt 0:01:11]} 10. Be3 {[%emt 0:00:07]} Be7 {[%emt 0:00:56]} 11. Qd2 {[%emt 0:00:33]} O-O {[%emt 0:00:30]} 12. O-O-O {[%emt 0:00:05]} Nbd7 {[%emt 0:00:20]} 13. g4 {[%emt 0:00:09]} b5 {[%emt 0:00:10]} 14. g5 {[%emt 0:00:03]} b4 {[%emt 0:01:56]} 15. gxf6 {[%emt 0:00:22]} bxc3 {[%emt 0:00:07]} 16. Qxc3 {[%emt 0:00:03]} Nxf6 {[%emt 0:00:18]} 17. Na5 {[%emt 0:00:04]} Rc8 {[%emt 0:05:22]} 18. Nc6 {[%emt 0:00:21]} Qc7 {[%emt 0:00:33]} 19. Nxe7+ {[%emt 0:00:28]} Qxe7 {[%emt 0:00:05]} 20. Qa5 {[%emt 0:00:08]} Rc6 {[%emt 0:00:32]} 21. Kb1 {[%emt 0:00:19]} Rfc8 {[%emt 0:10:22]} 22. Rd2 {[%emt 0:00:57]} Nh5 {[%emt 0:10:06]} 23. Be2 {[%emt 0:11:25]} Nf4 {[%emt 0:15:27]} 24. Bd1 {[%emt 0:05:02]} Qf6 {[%emt 0:09:37]} 25. Rg1 {[%emt 0:02:16]} h6 {[%emt 0:12:19]} 26. c3 {[%emt 0:02:52]} Bc4 {[%emt 0:01:27]} 27. Ka1 {[%emt 0:09:55]} Kh8 {[%emt 0:12:20]} 28. b3 {[%emt 0:17:29]} Be6 {[%emt 0:00:42]} 29. c4 {[%emt 0:01:52]} Ra8 {[%emt 0:03:29]} 30. Bc2 {[%emt 0:02:12]} Bh3 {[%emt 0:02:32]} 31. Rf2 {[%emt 0:06:55]} Be6 {[%emt 0:01:08]} 32. Rd1 {[%emt 0:00:46]} Nh3 {[%emt 0:00:28]} 33. Rff1 {[%emt 0:00:21]} Nf4 {[%emt 0:00:21]} 34. Rf2 {[%emt 0:25:00]} Nh3 {[%emt 0:00:22]} 35. Rff1 {[%emt 0:00:04]} Nf4 {[%emt 0:00:04]} 36. Rf2 {[%emt 0:00:06]} Nh3 {[%emt 0:00:05]} 37. Rff1 {[%emt 0:00:03]} Nf4 {[%emt 0:00:33]} 38. Rf2 {[%emt 0:00:03]} Nh3 {[%emt 0:00:03]} 39. Rff1 {[%emt 0:00:03]} Nf4 {[%emt 0:00:03]} 40. Rf2 {[%emt 0:00:00]} Nh3 {[%emt 0:00:02]} 1/2-1/2

[Event "71st RUS-ch Higher League 2018"]
[Site "Yaroslavl"]
[Date "2018.06.27"]
[Round "2"]
[White "Kokarev, Dmitry"]
[Black "Yanchenko, Roman"]
[Result "1/2-1/2"]
[WhiteElo "2603"]
[BlackElo "2462"]
[Annotator "ChessBase"]
[PlyCount "83"]
[EventDate "2018.06.26"]
[EventType "swiss"]
[EventCountry "RUS"]
[SourceTitle "playchess.com"]
[Source "ChessBase"]
[SourceQuality "1"]
[TimeControl "40/5400+30:1800+30"]

1. e4 {[%emt 0:00:00]} e6 {[%emt 0:00:07]} 2. d4 {[%emt 0:00:00]} d5 {[%emt 0:00:02]} 3. Nc3 {[%emt 0:00:04]} Bb4 {[%emt 0:00:04]} 4. e5 {[%emt 0:00:11]} Ne7 {[%emt 0:00:06]} 5. a3 {[%emt 0:00:13]} Bxc3+ {[%emt 0:00:04]} 6. bxc3 {[%emt 0:00:08]} b6 {[%emt 0:00:06]} 7. Qg4 {[%emt 0:00:12]} O-O {[%emt 0:00:51]} 8. Bg5 {[%emt 0:02:17]} Qe8 {[%emt 0:01:15]} 9. Bd3 {[%emt 0:04:51]} Nf5 {[%emt 0:03:22]} 10. Ne2 {[%emt 0:10:27]} Ba6 {[%emt 0:02:00]} 11. Bxa6 {[%emt 0:07:34]} Nxa6 {[%emt 0:00:02]} 12. Ng3 {[%emt 0:00:12]} Kh8 {[%emt 0:01:32]} 13. Nxf5 {[%emt 0:06:27]} exf5 {[%emt 0:00:02]} 14. Qxf5 {[%emt 0:00:27]} f6 {[%emt 0:00:15]} 15. Be3 {[%emt 0:00:54]} fxe5 {[%emt 0:00:09]} 16. Qxe5 {[%emt 0:00:45]} Qb5 {[%emt 0:00:56]} 17. Qh5 {[%emt 0:03:16]} Qc4 {[%emt 0:01:12]} 18. Kd2 {[%emt 0:00:27]} Rac8 {[%emt 0:13:19]} 19. Qe2 {[%emt 0:02:52]} Qa4 {[%emt 0:00:01]} 20. Rhb1 {[%emt 0:00:18]} c6 {[%emt 0:00:06]} 21. Ke1 {[%emt 0:03:06]} Nc7 {[%emt 0:02:31]} 22. Rb4 {[%emt 0:05:42]} Qa5 {[%emt 0:00:07]} 23. Kf1 {[%emt 0:00:40]} Nb5 {[%emt 0:00:49]} 24. c4 {[%emt 0:08:02]} Nd6 {[%emt 0:02:55]} 25. cxd5 {[%emt 0:00:22]} cxd5 {[%emt 0:00:10]} 26. Qd3 {[%emt 0:08:00]} Ne4 {[%emt 0:15:13]} 27. Rb3 {[%emt 0:04:19]} Rc4 {[%emt 0:04:10]} 28. f3 {[%emt 0:00:59]} Nd6 {[%emt 0:02:38]} 29. Bd2 {[%emt 0:01:28]} Qa4 {[%emt 0:02:38]} 30. Bb4 {[%emt 0:00:55]} Qc6 {[%emt 0:00:37]} 31. Re1 {[%emt 0:01:37]} a5 {[%emt 0:05:10]} 32. Bxd6 {[%emt 0:01:47]} Qxd6 {[%emt 0:00:02]} 33. h3 {[%emt 0:04:52]} Qc6 {[%emt 0:08:57]} 34. Re2 {[%emt 0:04:44]} a4 {[%emt 0:02:27]} 35. Rb2 {[%emt 0:02:09]} h6 {[%emt 0:08:15]} 36. Re5 {[%emt 0:07:37]} b5 {[%emt 0:08:29]} 37. Kg1 {[%emt 0:02:57]} Rf4 {[%emt 0:00:46]} 38. Rb1 {[%emt 0:02:50]} Rfxd4 {[%emt 0:02:05]} 39. Qe3 {[%emt 0:00:42]} Qg6 {[%emt 0:00:38]} 40. Re6 {[%emt 0:00:00]} Qxc2 {[%emt 0:04:00]} 41. Re1 {[%emt 0:03:51]} Rd1 {[%emt 0:03:39]} 42. Rxh6+ {[%emt 0:00:19]} 1/2-1/2